[Event "Team Championship (men rapid)"]
[Site "Sochi"]
[Date "2017.10.03"]
[Round "4.10"]
[White "Alekseev, Evgeny"]
[Black "Morozevich, Alexander"]
[Result "1/2-1/2"]
[LiveChessVersion "1.4.8"]
[BlackElo "2636"]
[WhiteElo "2657"]

1. e4 {[%clk 0:15:18]} c5 {[%clk 0:09:33]} 2. Nf3 {[%clk 0:15:20]} g6
{[%clk 0:09:39]} 3. d4 {[%clk 0:13:42]} cxd4 {[%clk 0:09:45]} 4. Nxd4
{[%clk 0:13:48]} Bg7 {[%clk 0:09:40]} 5. c4 {[%clk 0:13:44]} Qb6 {[%clk 0:09:49]}
6. Nb5 {[%clk 0:13:17]} Nf6 {[%clk 0:07:07]} 7. Bd3 {[%clk 0:12:20]} a6
{[%clk 0:06:53]} 8. Be3 {[%clk 0:11:46]} Qa5+ {[%clk 0:06:49]} 9. N5c3
{[%clk 0:11:47]} d6 {[%clk 0:06:52]} 10. O-O {[%clk 0:10:57]} O-O
{[%clk 0:06:58]} 11. f3 {[%clk 0:10:15]} Nbd7 {[%clk 0:06:11]} 12. Nd2
{[%clk 0:10:05]} Qc7 {[%clk 0:06:15]} 13. Rc1 {[%clk 0:09:42]} e6
{[%clk 0:06:21]} 14. Nb3 {[%clk 0:08:58]} b6 {[%clk 0:06:28]} 15. Qd2
{[%clk 0:09:05]} Bb7 {[%clk 0:03:24]} 16. Rfd1 {[%clk 0:09:09]} Rfd8
{[%clk 0:03:29]} 17. Bf1 {[%clk 0:09:08]} Ne8 {[%clk 0:02:17]} 18. Nd4
{[%clk 0:07:54]} Rab8 {[%clk 0:02:24]} 19. b4 {[%clk 0:04:56]} Rdc8
{[%clk 0:02:33]} 20. Nb3 {[%clk 0:05:03]} h5 {[%clk 0:02:05]} 21. Kh1
{[%clk 0:04:31]} Ne5 {[%clk 0:02:03]} 22. Na4 {[%clk 0:04:19]} Ba8
{[%clk 0:02:11]} 23. Qf2 {[%clk 0:04:08]} Nd7 {[%clk 0:02:16]} 24. c5
{[%clk 0:04:03]} dxc5 {[%clk 0:01:01]} 25. bxc5 {[%clk 0:03:30]} b5
{[%clk 0:00:54]} 26. Nb6 {[%clk 0:03:38]} Rd8 {[%clk 0:01:04]} 27. Nxa8
{[%clk 0:03:29]} Rxa8 {[%clk 0:01:09]} 28. c6 {[%clk 0:03:23]} Ne5
{[%clk 0:01:17]} 29. Bb6 {[%clk 0:03:11]} Rxd1 {[%clk 0:00:45]} 30. Bxc7
{[%clk 0:03:19]} Rxc1 {[%clk 0:00:54]} 31. Nxc1 {[%clk 0:01:34]} Nxc7
{[%clk 0:01:03]} 32. Qb6 {[%clk 0:01:42]} Ne8 {[%clk 0:01:12]} 33. c7
{[%clk 0:00:53]} Rc8 {[%clk 0:01:12]} 34. Qb8 {[%clk 0:01:01]} Nd6
{[%clk 0:01:18]} 35. Nd3 {[%clk 0:00:56]} Nd7 {[%clk 0:01:27]} 36. Qa7
{[%clk 0:01:04]} Ne8 {[%clk 0:01:23]} 37. Qxa6 {[%clk 0:01:08]} Rxc7
{[%clk 0:01:32]} 38. Qxb5 {[%clk 0:01:12]} Nd6 {[%clk 0:01:24]} 39. Qa5
{[%clk 0:01:09]} Rb7 {[%clk 0:00:42]} 40. h4 {[%clk 0:00:54]} Bf8
{[%clk 0:00:41]} 41. Qe1 {[%clk 0:00:49]} Ra7 {[%clk 0:00:41]} 42. Qf2
{[%clk 0:00:52]} Ra3 {[%clk 0:00:50]} 43. Qc2 {[%clk 0:00:54]} Be7
{[%clk 0:00:42]} 44. g3 {[%clk 0:01:03]} Nb5 {[%clk 0:00:37]} 45. Kg2
{[%clk 0:00:46]} Nc3 {[%clk 0:00:43]} 46. Nc1 {[%clk 0:00:55]} Ne5
{[%clk 0:00:31]} 47. Bd3 {[%clk 0:00:40]} 1/2-1/2

[Event "Team Championship (men rapid)"]
[Site "Sochi"]
[Date "2017.10.03"]
[Round "4.11"]
[White "Savchenko, Boris"]
[Black "Levin, Evgeny A."]
[Result "1-0"]
[LiveChessVersion "1.4.8"]
[BlackElo "2544"]
[WhiteElo "2669"]

1. e4 {[%clk 0:15:18]} c5 {[%clk 0:15:19]} 2. Nf3 {[%clk 0:15:27]} d6
{[%clk 0:15:28]} 3. d4 {[%clk 0:15:35]} Nf6 {[%clk 0:15:36]} 4. Nc3
{[%clk 0:15:44]} cxd4 {[%clk 0:15:45]} 5. Nxd4 {[%clk 0:15:52]} a6
{[%clk 0:15:54]} 6. Bg5 {[%clk 0:15:59]} e6 {[%clk 0:16:02]} 7. f4
{[%clk 0:16:08]} Nbd7 {[%clk 0:16:11]} 8. Qf3 {[%clk 0:16:16]} Qc7
{[%clk 0:16:17]} 9. O-O-O {[%clk 0:16:23]} b5 {[%clk 0:16:26]} 10. a3
{[%clk 0:16:03]} Bb7 {[%clk 0:16:28]} 11. g4 {[%clk 0:15:49]} O-O-O
{[%clk 0:14:34]} 12. h4 {[%clk 0:14:41]} Kb8 {[%clk 0:13:16]} 13. Kb1
{[%clk 0:14:12]} Rc8 {[%clk 0:10:11]} 14. Bxf6 {[%clk 0:14:18]} Nxf6
{[%clk 0:09:55]} 15. g5 {[%clk 0:14:23]} Nd7 {[%clk 0:09:41]} 16. Qf2
{[%clk 0:13:26]} Qb6 {[%clk 0:07:55]} 17. Rh3 {[%clk 0:13:17]} Be7
{[%clk 0:06:05]} 18. Qd2 {[%clk 0:10:12]} g6 {[%clk 0:05:24]} 19. f5
{[%clk 0:08:49]} Nc5 {[%clk 0:05:30]} 20. Bg2 {[%clk 0:08:30]} b4
{[%clk 0:05:19]} 21. axb4 {[%clk 0:08:33]} Qxb4 {[%clk 0:05:28]} 22. Qf2
{[%clk 0:07:49]} Rhf8 {[%clk 0:03:26]} 23. f6 {[%clk 0:06:29]} Bd8
{[%clk 0:03:35]} 24. h5 {[%clk 0:06:35]} Ka8 {[%clk 0:03:21]} 25. hxg6
{[%clk 0:06:35]} hxg6 {[%clk 0:03:30]} 26. Na2 {[%clk 0:05:06]} Qb6
{[%clk 0:03:38]} 27. Qe2 {[%clk 0:05:08]} Rb8 {[%clk 0:02:27]} 28. Nb3
{[%clk 0:05:08]} Bc7 {[%clk 0:02:13]} 29. Nxc5 {[%clk 0:05:08]} dxc5
{[%clk 0:01:12]} 30. Rb3 {[%clk 0:05:10]} Qc6 {[%clk 0:01:14]} 31. Rxb7
{[%clk 0:05:12]} Rxb7 {[%clk 0:01:23]} 32. e5 {[%clk 0:05:20]} Qb5
{[%clk 0:01:19]} 33. c4 {[%clk 0:05:21]} Qb6 {[%clk 0:00:39]} 34. Rd7
{[%clk 0:04:33]} Kb8 {[%clk 0:00:48]} 35. Nc3 {[%clk 0:04:36]} Kc8
{[%clk 0:00:42]} 36. Bxb7+ {[%clk 0:04:11]} Qxb7 {[%clk 0:00:47]} 37. Ne4
{[%clk 0:04:11]} Qc6 {[%clk 0:00:40]} 38. Re7 {[%clk 0:04:04]} Bxe5
{[%clk 0:00:40]} 39. Qe3 {[%clk 0:03:36]} Bd4 {[%clk 0:00:23]} 40. Qf4
{[%clk 0:02:58]} e5 {[%clk 0:00:27]} 41. Nd6+ {[%clk 0:02:01]} Kb8
{[%clk 0:00:23]} 42. Qe4 {[%clk 0:02:00]} Qxe4+ {[%clk 0:00:29]} 43. Nxe4
{[%clk 0:02:08]} a5 {[%clk 0:00:12]} 44. Ka2 {[%clk 0:02:17]} Rh8
{[%clk 0:00:12]} 45. Rxf7 {[%clk 0:02:10]} Rh2 {[%clk 0:00:21]} 46. Re7
{[%clk 0:02:18]} Rxb2+ {[%clk 0:00:15]} 47. Ka3 {[%clk 0:02:27]} Rb1
{[%clk 0:00:19]} 48. f7 {[%clk 0:02:03]} Ra1+ {[%clk 0:00:27]} 49. Kb3
{[%clk 0:02:12]} a4+ {[%clk 0:00:35]} 50. Kc2 {[%clk 0:02:21]} Ra2+
{[%clk 0:00:44]} 51. Kd1 {[%clk 0:02:30]} Ra1+ {[%clk 0:00:44]} 52. Ke2
{[%clk 0:02:39]} Ra2+ {[%clk 0:00:53]} 53. Nd2 {[%clk 0:02:48]} 1-0

[Event "Team Championship (men rapid)"]
[Site "Sochi"]
[Date "2017.10.03"]
[Round "4.12"]
[White "Palchun, Grigory"]
[Black "Bocharov, Dmitry"]
[Result "0-1"]
[LiveChessVersion "1.4.8"]
[BlackElo "2580"]
[WhiteElo "2309"]

1. d4 {[%clk 0:15:19]} Nf6 {[%clk 0:15:17]} 2. Bf4 {[%clk 0:15:27]} d6
{[%clk 0:14:58]} 3. e3 {[%clk 0:15:33]} Nbd7 {[%clk 0:15:02]} 4. Nf3
{[%clk 0:15:32]} Nh5 {[%clk 0:15:10]} 5. Bg5 {[%clk 0:15:39]} h6 {[%clk 0:15:18]}
6. Bh4 {[%clk 0:15:46]} g5 {[%clk 0:15:17]} 7. Nfd2 {[%clk 0:15:02]} Ndf6
{[%clk 0:15:25]} 8. Be2 {[%clk 0:15:00]} Ng7 {[%clk 0:15:21]} 9. Bg3
{[%clk 0:15:05]} Nf5 {[%clk 0:15:26]} 10. c3 {[%clk 0:14:58]} h5 {[%clk 0:14:38]}
11. e4 {[%clk 0:15:03]} h4 {[%clk 0:14:46]} 12. exf5 {[%clk 0:14:40]} hxg3
{[%clk 0:14:53]} 13. fxg3 {[%clk 0:14:49]} Bxf5 {[%clk 0:15:00]} 14. Nc4
{[%clk 0:14:09]} e6 {[%clk 0:14:39]} 15. Ne3 {[%clk 0:12:28]} Bg6
{[%clk 0:14:43]} 16. Nd2 {[%clk 0:11:12]} d5 {[%clk 0:13:45]} 17. Qb3
{[%clk 0:10:22]} Bd6 {[%clk 0:10:45]} 18. O-O-O {[%clk 0:10:25]} O-O
{[%clk 0:10:27]} 19. h4 {[%clk 0:07:40]} c5 {[%clk 0:07:44]} 20. Nc2
{[%clk 0:05:21]} c4 {[%clk 0:07:27]} 21. Qxb7 {[%clk 0:04:48]} Qa5
{[%clk 0:07:00]} 22. Bxc4 {[%clk 0:04:00]} dxc4 {[%clk 0:06:45]} 23. Nxc4
{[%clk 0:04:08]} Qxa2 {[%clk 0:06:25]} 24. Qc6 {[%clk 0:02:40]} Bxg3
{[%clk 0:05:30]} 0-1

[Event "Team Championship (men rapid)"]
[Site "Sochi"]
[Date "2017.10.03"]
[Round "4.14"]
[White "Potapov, Pavel"]
[Black "Artemiev, Vladislav"]
[Result "1/2-1/2"]
[LiveChessVersion "1.4.8"]
[BlackElo "2712"]
[WhiteElo "2539"]

1. e4 {[%clk 0:15:18]} c5 {[%clk 0:15:15]} 2. Nf3 {[%clk 0:15:25]} d6
{[%clk 0:15:20]} 3. Nc3 {[%clk 0:15:30]} a6 {[%clk 0:15:27]} 4. a4
{[%clk 0:15:24]} g6 {[%clk 0:14:41]} 5. d4 {[%clk 0:13:25]} cxd4 {[%clk 0:14:49]}
6. Nxd4 {[%clk 0:12:53]} Bg7 {[%clk 0:14:58]} 7. Be3 {[%clk 0:12:56]} Nf6
{[%clk 0:15:02]} 8. Be2 {[%clk 0:13:05]} O-O {[%clk 0:14:42]} 9. O-O
{[%clk 0:13:12]} Nc6 {[%clk 0:14:20]} 10. f3 {[%clk 0:12:19]} d5 {[%clk 0:12:36]}
11. exd5 {[%clk 0:09:41]} Nb4 {[%clk 0:12:40]} 12. Bf2 {[%clk 0:09:24]} Nfxd5
{[%clk 0:12:26]} 13. Nxd5 {[%clk 0:09:12]} Nxd5 {[%clk 0:12:34]} 14. Bc4
{[%clk 0:09:06]} Nb6 {[%clk 0:11:55]} 15. Bb3 {[%clk 0:09:10]} Qc7
{[%clk 0:11:58]} 16. c3 {[%clk 0:08:48]} Rd8 {[%clk 0:11:05]} 17. Qe2
{[%clk 0:08:53]} Nd5 {[%clk 0:10:40]} 18. Rad1 {[%clk 0:07:52]} Nf4
{[%clk 0:10:08]} 19. Qe3 {[%clk 0:07:05]} Bh6 {[%clk 0:08:35]} 20. Kh1
{[%clk 0:06:09]} e5 {[%clk 0:08:43]} 21. Ne2 {[%clk 0:05:40]} Rxd1
{[%clk 0:06:13]} 22. Rxd1 {[%clk 0:05:26]} Nh3 {[%clk 0:06:10]} 23. Qb6
{[%clk 0:05:22]} Nxf2+ {[%clk 0:06:17]} 24. Qxf2 {[%clk 0:05:30]} Bf8
{[%clk 0:04:02]} 25. Ng3 {[%clk 0:05:22]} Bd7 {[%clk 0:03:31]} 26. Qd2
{[%clk 0:04:20]} Bc6 {[%clk 0:02:31]} 27. Ne4 {[%clk 0:04:00]} Qe7
{[%clk 0:01:52]} 28. Qd3 {[%clk 0:01:40]} Kg7 {[%clk 0:01:33]} 29. Qc4
{[%clk 0:01:34]} h6 {[%clk 0:00:47]} 30. h3 {[%clk 0:01:38]} Rc8 {[%clk 0:00:33]}
31. Nd6 {[%clk 0:01:29]} Rd8 {[%clk 0:00:39]} 32. Nf5+ {[%clk 0:01:36]} gxf5
{[%clk 0:00:41]} 33. Rxd8 {[%clk 0:01:45]} b5 {[%clk 0:00:34]} 34. Qxc6
{[%clk 0:01:26]} Qxd8 {[%clk 0:00:42]} 35. axb5 {[%clk 0:01:35]} Qd2
{[%clk 0:00:22]} 36. Qd5 {[%clk 0:01:22]} Qxd5 {[%clk 0:00:27]} 37. Bxd5
{[%clk 0:01:30]} axb5 {[%clk 0:00:36]} 38. Bc6 {[%clk 0:01:35]} b4
{[%clk 0:00:45]} 39. cxb4 {[%clk 0:01:44]} Bxb4 {[%clk 0:00:53]} 40. Kg1
{[%clk 0:01:53]} h5 {[%clk 0:00:38]} 41. Kf1 {[%clk 0:02:00]} Kf6
{[%clk 0:00:44]} 42. Bd7 {[%clk 0:02:05]} Kg5 {[%clk 0:00:51]} 43. Bc6
{[%clk 0:02:03]} f6 {[%clk 0:00:58]} 44. Bb7 {[%clk 0:02:02]} Kf4
{[%clk 0:01:06]} 45. Bc6 {[%clk 0:02:11]} h4 {[%clk 0:01:14]} 46. b3
{[%clk 0:02:19]} e4 {[%clk 0:01:22]} 47. Bb7 {[%clk 0:02:23]} Ke3
{[%clk 0:01:24]} 48. Bc6 {[%clk 0:02:19]} Kd3 {[%clk 0:01:29]} 49. Bb5+
{[%clk 0:02:24]} Kd2 {[%clk 0:01:37]} 50. Ba6 {[%clk 0:02:22]} e3
{[%clk 0:01:41]} 1/2-1/2

[Event "Team Championship (men rapid)"]
[Site "Sochi"]
[Date "2017.10.03"]
[Round "4.15"]
[White "Timofeev, Artyom"]
[Black "Belyakov, Bogdan"]
[Result "1-0"]
[LiveChessVersion "1.4.8"]
[BlackElo "2474"]
[WhiteElo "2608"]

1. c4 {[%clk 0:15:19]} Nf6 {[%clk 0:15:19]} 2. g3 {[%clk 0:15:19]} g6
{[%clk 0:15:23]} 3. Bg2 {[%clk 0:15:27]} Bg7 {[%clk 0:15:31]} 4. Nc3
{[%clk 0:15:36]} O-O {[%clk 0:15:36]} 5. Nf3 {[%clk 0:15:40]} c5 {[%clk 0:15:35]}
6. O-O {[%clk 0:15:46]} Nc6 {[%clk 0:15:41]} 7. d4 {[%clk 0:15:39]} d6
{[%clk 0:15:49]} 8. e3 {[%clk 0:15:43]} Bf5 {[%clk 0:15:27]} 9. h3
{[%clk 0:15:44]} Ne4 {[%clk 0:15:21]} 10. Ne2 {[%clk 0:15:48]} Nf6
{[%clk 0:15:03]} 11. b3 {[%clk 0:15:50]} a6 {[%clk 0:13:35]} 12. Bb2
{[%clk 0:15:53]} Rc8 {[%clk 0:13:43]} 13. g4 {[%clk 0:14:54]} Bd7
{[%clk 0:13:48]} 14. Ng3 {[%clk 0:15:01]} h6 {[%clk 0:13:33]} 15. d5
{[%clk 0:14:44]} Na5 {[%clk 0:13:22]} 16. Qd2 {[%clk 0:14:44]} b5
{[%clk 0:12:15]} 17. Bc3 {[%clk 0:14:49]} Nb7 {[%clk 0:12:23]} 18. e4
{[%clk 0:14:02]} e5 {[%clk 0:12:21]} 19. dxe6 {[%clk 0:13:53]} Bxe6
{[%clk 0:12:27]} 20. g5 {[%clk 0:14:00]} hxg5 {[%clk 0:09:51]} 21. Nxg5
{[%clk 0:13:56]} Qe7 {[%clk 0:09:11]} 22. Nxe6 {[%clk 0:13:14]} fxe6
{[%clk 0:09:17]} 23. f4 {[%clk 0:13:22]} Nd8 {[%clk 0:08:14]} 24. f5
{[%clk 0:12:38]} gxf5 {[%clk 0:08:12]} 25. exf5 {[%clk 0:12:47]} e5
{[%clk 0:08:20]} 26. Rad1 {[%clk 0:11:47]} Nf7 {[%clk 0:08:26]} 27. Bd5
{[%clk 0:11:53]} Nxd5 {[%clk 0:07:13]} 28. Qxd5 {[%clk 0:12:01]} Qh4
{[%clk 0:06:11]} 29. Kh2 {[%clk 0:12:03]} Kh8 {[%clk 0:05:47]} 30. Qe4
{[%clk 0:11:28]} Qf6 {[%clk 0:03:07]} 31. Rg1 {[%clk 0:10:50]} Ng5
{[%clk 0:02:49]} 32. Qg4 {[%clk 0:10:39]} Bh6 {[%clk 0:02:56]} 33. h4
{[%clk 0:09:22]} Nh7 {[%clk 0:02:54]} 34. Ne4 {[%clk 0:08:07]} Qxf5
{[%clk 0:02:30]} 35. Qxf5 {[%clk 0:08:15]} Rxf5 {[%clk 0:02:39]} 36. Nxd6
{[%clk 0:08:24]} Rf2+ {[%clk 0:02:38]} 37. Kh1 {[%clk 0:08:32]} Rc7
{[%clk 0:01:19]} 38. Bxe5+ {[%clk 0:08:33]} Bg7 {[%clk 0:01:26]} 39. Rxg7
{[%clk 0:08:20]} Rxg7 {[%clk 0:01:34]} 40. Ne8 {[%clk 0:08:29]} Re2
{[%clk 0:01:20]} 41. Bxg7+ {[%clk 0:07:20]} Kg8 {[%clk 0:01:29]} 42. Rd8
{[%clk 0:06:47]} Kf7 {[%clk 0:01:29]} 43. Bh6 {[%clk 0:06:53]} Rxe8
{[%clk 0:00:56]} 44. Rxe8 {[%clk 0:07:02]} Kxe8 {[%clk 0:01:05]} 45. Be3
{[%clk 0:07:10]} bxc4 {[%clk 0:01:12]} 46. bxc4 {[%clk 0:07:19]} Nf8
{[%clk 0:01:15]} 47. Bxc5 {[%clk 0:07:25]} Ng6 {[%clk 0:01:24]} 48. Bf2
{[%clk 0:06:37]} Ne5 {[%clk 0:01:32]} 49. c5 {[%clk 0:06:44]} Kf7
{[%clk 0:01:24]} 50. Kg2 {[%clk 0:06:48]} Kg6 {[%clk 0:01:33]} 51. Bg3
{[%clk 0:06:42]} Nc6 {[%clk 0:01:31]} 52. Kf3 {[%clk 0:06:49]} Kf5
{[%clk 0:01:40]} 53. Ke3 {[%clk 0:06:53]} Kg4 {[%clk 0:01:23]} 54. Ke4
{[%clk 0:06:32]} a5 {[%clk 0:01:19]} 55. Be1 {[%clk 0:06:30]} a4 {[%clk 0:01:16]}
56. Kd5 {[%clk 0:06:34]} Ne7+ {[%clk 0:01:25]} 57. Ke6 {[%clk 0:06:36]} Nc6
{[%clk 0:01:33]} 58. Kd6 {[%clk 0:06:42]} Nd4 {[%clk 0:01:42]} 59. c6
{[%clk 0:06:49]} Nc2 {[%clk 0:01:44]} 60. c7 {[%clk 0:06:54]} 1-0

[Event "Team Championship (men rapid)"]
[Site "Sochi"]
[Date "2017.10.03"]
[Round "4.16"]
[White "Savitskiy, Sergey"]
[Black "Sharafiev, Azat"]
[Result "1-0"]
[LiveChessVersion "1.4.8"]
[BlackElo "2503"]
[WhiteElo "2380"]

1. e4 {[%clk 0:15:18]} e6 {[%clk 0:15:19]} 2. d4 {[%clk 0:15:19]} d5
{[%clk 0:15:28]} 3. Nc3 {[%clk 0:15:28]} dxe4 {[%clk 0:15:36]} 4. Nxe4
{[%clk 0:15:37]} Bd7 {[%clk 0:15:44]} 5. Bd3 {[%clk 0:15:22]} Bc6
{[%clk 0:15:52]} 6. Qe2 {[%clk 0:15:31]} Nd7 {[%clk 0:14:52]} 7. Nf3
{[%clk 0:15:22]} Be7 {[%clk 0:14:44]} 8. Bd2 {[%clk 0:15:21]} Ngf6
{[%clk 0:14:34]} 9. Neg5 {[%clk 0:15:23]} Bxf3 {[%clk 0:14:04]} 10. Qxf3
{[%clk 0:14:09]} h6 {[%clk 0:13:15]} 11. Nh3 {[%clk 0:13:58]} c6 {[%clk 0:13:10]}
12. O-O-O {[%clk 0:13:45]} Qb6 {[%clk 0:12:27]} 13. Nf4 {[%clk 0:11:18]} g5
{[%clk 0:04:36]} 14. Ne2 {[%clk 0:08:53]} O-O-O {[%clk 0:04:06]} 15. Be3
{[%clk 0:06:23]} Qa5 {[%clk 0:03:52]} 16. Kb1 {[%clk 0:06:05]} Qd5
{[%clk 0:03:20]} 17. Qxd5 {[%clk 0:06:06]} cxd5 {[%clk 0:02:59]} 18. f3
{[%clk 0:05:51]} Kb8 {[%clk 0:02:38]} 19. h4 {[%clk 0:04:57]} Rhg8
{[%clk 0:02:43]} 20. hxg5 {[%clk 0:05:00]} hxg5 {[%clk 0:02:52]} 21. g4
{[%clk 0:05:00]} Nf8 {[%clk 0:01:39]} 22. Rh6 {[%clk 0:04:48]} Ne8
{[%clk 0:01:35]} 23. Rdh1 {[%clk 0:04:49]} Nd6 {[%clk 0:01:25]} 24. Ng3
{[%clk 0:04:04]} Ng6 {[%clk 0:00:49]} 25. Bxg6 {[%clk 0:03:29]} fxg6
{[%clk 0:00:56]} 26. Rh7 {[%clk 0:03:07]} Rde8 {[%clk 0:01:04]} 27. Ne2
{[%clk 0:02:03]} Rgf8 {[%clk 0:01:06]} 28. R1h3 {[%clk 0:02:04]} Rf7
{[%clk 0:00:23]} 29. Rxf7 {[%clk 0:01:59]} Nxf7 {[%clk 0:00:32]} 30. Rh7
{[%clk 0:01:38]} Rf8 {[%clk 0:00:17]} 31. Rg7 {[%clk 0:01:29]} Bf6
{[%clk 0:00:21]} 32. Rxg6 {[%clk 0:01:30]} Nh8 {[%clk 0:00:30]} 33. Rh6
{[%clk 0:01:35]} Kc7 {[%clk 0:00:27]} 34. c3 {[%clk 0:01:38]} Kd6
{[%clk 0:00:33]} 35. Kc2 {[%clk 0:01:47]} Bg7 {[%clk 0:00:39]} 36. Rh3
{[%clk 0:01:56]} Bf6 {[%clk 0:00:43]} 37. Rh5 {[%clk 0:01:12]} Be7
{[%clk 0:00:22]} 38. Ng1 {[%clk 0:01:09]} Ng6 {[%clk 0:00:22]} 39. Bxg5
{[%clk 0:00:49]} Bxg5 {[%clk 0:00:29]} 40. Rxg5 {[%clk 0:00:57]} Nh4
{[%clk 0:00:38]} 41. Rg7 {[%clk 0:00:55]} Kc6 {[%clk 0:00:21]} 42. Re7
{[%clk 0:01:02]} Rf6 {[%clk 0:00:29]} 43. g5 {[%clk 0:01:09]} Rg6
{[%clk 0:00:29]} 44. f4 {[%clk 0:00:55]} a5 {[%clk 0:00:24]} 45. Rh7
{[%clk 0:00:35]} Nf5 {[%clk 0:00:31]} 46. Nf3 {[%clk 0:00:37]} Rg8
{[%clk 0:00:36]} 47. Ne5+ {[%clk 0:00:43]} Kb6 {[%clk 0:00:41]} 48. Kd3
{[%clk 0:00:45]} a4 {[%clk 0:00:45]} 49. Nd7+ {[%clk 0:00:41]} Kc6
{[%clk 0:00:50]} 50. Nc5 {[%clk 0:00:38]} b5 {[%clk 0:00:52]} 51. Nxe6
{[%clk 0:00:20]} Re8 {[%clk 0:01:01]} 52. Rf7 {[%clk 0:00:26]} Nd6
{[%clk 0:00:42]} 53. Rf6 {[%clk 0:00:35]} Rh8 {[%clk 0:00:33]} 54. Rh6
{[%clk 0:00:39]} Re8 {[%clk 0:00:42]} 55. b3 {[%clk 0:00:36]} a3 {[%clk 0:00:47]}
56. Rf6 {[%clk 0:00:24]} Ne4 {[%clk 0:00:47]} 57. Rg6 {[%clk 0:00:23]} Rh8
{[%clk 0:00:54]} 58. Rh6 {[%clk 0:00:23]} Rg8 {[%clk 0:00:50]} 59. Nc5+
{[%clk 0:00:29]} Nd6 {[%clk 0:00:58]} 60. g6 {[%clk 0:00:25]} Nf5
{[%clk 0:01:04]} 61. Rh5 {[%clk 0:00:34]} Ng7 {[%clk 0:01:01]} 62. Re5
{[%clk 0:00:33]} Rh8 {[%clk 0:00:56]} 63. f5 {[%clk 0:00:32]} Rh3+
{[%clk 0:01:05]} 64. Re3 {[%clk 0:00:40]} Rh2 {[%clk 0:01:02]} 65. f6
{[%clk 0:00:42]} Nf5 {[%clk 0:01:11]} 66. Re2 {[%clk 0:00:33]} Rh3+
{[%clk 0:01:18]} 67. Kd2 {[%clk 0:00:40]} b4 {[%clk 0:01:26]} 68. cxb4
{[%clk 0:00:32]} Nxd4 {[%clk 0:01:35]} 69. Rf2 {[%clk 0:00:40]} 1-0

[Event "Team Championship (men rapid)"]
[Site "Sochi"]
[Date "2017.10.03"]
[Round "4.18"]
[White "Popov, Mikhail"]
[Black "Krylov, Mikhail"]
[Result "0-1"]
[LiveChessVersion "1.4.8"]
[BlackElo "2497"]
[WhiteElo "2403"]

1. d4 {[%clk 0:15:17]} Nf6 {[%clk 0:15:19]} 2. Bf4 {[%clk 0:15:26]} g6
{[%clk 0:15:05]} 3. e3 {[%clk 0:15:34]} Bg7 {[%clk 0:15:12]} 4. Nf3
{[%clk 0:15:43]} O-O {[%clk 0:15:12]} 5. Be2 {[%clk 0:15:51]} b6 {[%clk 0:14:55]}
6. a4 {[%clk 0:15:54]} c5 {[%clk 0:14:45]} 7. a5 {[%clk 0:15:13]} Bb7
{[%clk 0:14:37]} 8. O-O {[%clk 0:14:38]} d6 {[%clk 0:14:03]} 9. h3
{[%clk 0:13:51]} cxd4 {[%clk 0:11:42]} 10. exd4 {[%clk 0:13:55]} bxa5
{[%clk 0:11:41]} 11. Nbd2 {[%clk 0:13:02]} Nc6 {[%clk 0:11:14]} 12. c3
{[%clk 0:12:57]} Nd5 {[%clk 0:11:09]} 13. Bh2 {[%clk 0:13:03]} Nb6
{[%clk 0:11:12]} 14. Nc4 {[%clk 0:11:50]} Nxc4 {[%clk 0:10:17]} 15. Bxc4
{[%clk 0:11:58]} d5 {[%clk 0:08:02]} 16. Bd3 {[%clk 0:10:41]} Qb6
{[%clk 0:08:00]} 17. Qe2 {[%clk 0:10:24]} Rfe8 {[%clk 0:07:25]} 18. Rfe1
{[%clk 0:08:44]} Bc8 {[%clk 0:06:55]} 19. Ra2 {[%clk 0:06:18]} Bd7
{[%clk 0:06:58]} 20. Rea1 {[%clk 0:05:58]} e6 {[%clk 0:04:29]} 21. h4
{[%clk 0:05:24]} a6 {[%clk 0:02:18]} 22. h5 {[%clk 0:05:13]} Ra7 {[%clk 0:01:51]}
23. Ne5 {[%clk 0:02:37]} Nxe5 {[%clk 0:01:42]} 24. Bxe5 {[%clk 0:02:46]} a4
{[%clk 0:01:35]} 25. Qe3 {[%clk 0:00:20]} Bxe5 {[%clk 0:01:33]} 26. Qxe5
{[%clk 0:00:29]} Qb8 {[%clk 0:01:39]} 27. Qf6 {[%clk 0:00:26]} Qd8
{[%clk 0:01:44]} 28. Qf4 {[%clk 0:00:35]} Qe7 {[%clk 0:01:42]} 29. Qe5
{[%clk 0:00:27]} Qh4 {[%clk 0:01:40]} 30. hxg6 {[%clk 0:00:27]} hxg6
{[%clk 0:01:47]} 31. g3 {[%clk 0:00:35]} Qh8 {[%clk 0:01:41]} 32. Qd6
{[%clk 0:00:36]} Qf6 {[%clk 0:01:41]} 33. Kg2 {[%clk 0:00:39]} Kg7
{[%clk 0:01:44]} 34. Rh1 {[%clk 0:00:47]} Bb5 {[%clk 0:01:15]} 35. Bc2
{[%clk 0:00:41]} Rd8 {[%clk 0:01:02]} 36. Qb6 {[%clk 0:00:38]} Raa8
{[%clk 0:01:11]} 37. Rh4 {[%clk 0:00:27]} Rh8 {[%clk 0:01:02]} 38. Rf4
{[%clk 0:00:35]} Qe7 {[%clk 0:01:10]} 39. Qa5 {[%clk 0:00:17]} Rh5
{[%clk 0:00:54]} 40. Bxa4 {[%clk 0:00:14]} Bc4 {[%clk 0:01:00]} 41. Ra1
{[%clk 0:00:17]} Rah8 {[%clk 0:01:06]} 42. Kf3 {[%clk 0:00:12]} g5
{[%clk 0:01:12]} 43. Rg1 {[%clk 0:00:16]} gxf4 {[%clk 0:01:12]} 44. gxf4+
{[%clk 0:00:25]} Kf6 {[%clk 0:01:21]} 45. Ke3 {[%clk 0:00:19]} Rh1
{[%clk 0:01:24]} 46. Rg3 {[%clk 0:00:19]} R1h3 {[%clk 0:01:27]} 47. Qb6
{[%clk 0:00:27]} Rxg3+ {[%clk 0:01:34]} 48. fxg3 {[%clk 0:00:36]} Kg7
{[%clk 0:01:30]} 49. Bc2 {[%clk 0:00:45]} Rh2 {[%clk 0:01:33]} 50. Bb1
{[%clk 0:00:52]} Rh1 {[%clk 0:01:19]} 51. Bc2 {[%clk 0:00:58]} Rh3
{[%clk 0:01:27]} 52. Qb8 {[%clk 0:00:41]} Rxg3+ {[%clk 0:01:33]} 53. Kd2
{[%clk 0:00:51]} Qf6 {[%clk 0:01:37]} 54. b3 {[%clk 0:00:50]} Rg2+
{[%clk 0:01:46]} 55. Kc1 {[%clk 0:00:59]} Be2 {[%clk 0:01:51]} 56. Kb1
{[%clk 0:01:02]} Bh5 {[%clk 0:01:59]} 0-1